000 00258nam a2200109Ia 4500
008 190216s9999||||xx |||||||||||||| ||und||
100 _aShankar Sulthan Puri
245 0 _aHind-Dr.Symaprasad Mukherjee
260 _bSadhan Pub
650 _aHindi
942 _cBK
999 _c15262
_d15262